000 00527nam a2200217 a 4500
999 _c6074
_d6074
001 6074
003 BD-JhCC
005 20180122171913.0
008 180101s1934 ii |||| |||| 000 0 eng d
020 _a9780143416319
035 _a(BD-JhCC)
040 _aBD-JhCC
_dBD-JhCC
041 _aeng
082 _a823.912
_bORW 1934
100 _aOrwell, George
245 _aAnimal Farm /
_cGeorge Orwell
260 _aIndian :
_bPenguin Books;
_c1934
300 _a95 p,;
_c18 cm
650 _aPolitical fictions
942 _2ddc
_cBK